|
|
|
|
| LEADER |
00000cam a2200000 a 4500 |
| 003 |
Ucuenca |
| 005 |
20230308175515.0 |
| 006 |
a||||fr|||| 001 | |
| 007 |
ta |
| 008 |
969062t19681968mx aaaafr|||| 001|| spa a |
| 040 |
|
|
|b spa
|a UCuenca-cdrjbv
|c UCuenca
|e rda
|
| 041 |
1 |
|
|a spa
|h eng
|
| 082 |
0 |
|
|2 22
|a 150
|c 13141
|
| 100 |
1 |
|
|a Hebb, Donald Olding.
|9 185002
|e autor
|
| 240 |
1 |
|
|a A textbook of psychology.
|l English
|
| 245 |
0 |
0 |
|a Psicología /
|c Donald Olding Hebb.
|
| 250 |
|
|
|a Segunda edición.
|
| 264 |
|
1 |
|a México:
|b Interamericana,
|c 1968.
|
| 264 |
|
4 |
|c ©1968
|
| 300 |
|
|
|a xiii, 316 páginas:
|b ilu
|c 24 cm
|
| 336 |
|
|
|2 rdacontent
|a texto
|b txt
|
| 337 |
|
|
|2 rdamedia
|a no mediado
|b n
|
| 338 |
|
|
|2 rdacarrier
|a volumen
|b nc
|
| 504 |
|
|
|a incl. ref.
|
| 505 |
1 |
|
|a Mente y conducta -- Inferencias a partir de la conducta -- Sistema nervioso: vías en aprendizaje y percepción -- Formas de control sensorial: conducta superior e inferior -- Aprendizaje tipo R y cognoscitivo -- Aprendizaje, memoria y olvido --Herencia, maduración, aprendizaje temprano -- Consideraciones sobre estadística y grupo testigo -- Inteligencia.
|
| 650 |
1 |
7 |
|2 UCuenca-cdrjbv
|a Psicología
|9 161
|
| 651 |
|
|
|2 UCuenca-cdrjbv
|
| 852 |
|
|
|a UC-SALUD
|f Compra
|l 1
|m General
|p 19690620
|r 1
|t 13141
|w Medicina
|d CDRS
|e CDRS
|g 150
|z 1969-90-62
|
| 942 |
|
|
|c BK
|2 ddc
|r vanessa.morales@ucuenca.edu.ec
|
| 999 |
|
|
|c 50089
|d 50089
|